Электромагнитные насосы для жидких металлов

Dettagli Bibliografici
Autore principale: Тютин И. А. Иван Андреевич
Lingua:russo
Pubblicazione: Рига, Изд-во АН Латв. ССР, 1959
Soggetti:
Natura: MixedMaterials Libro
KOHA link:https://koha.lib.tpu.ru/cgi-bin/koha/opac-detail.pl?biblionumber=95719

MARC

LEADER 00000nam0a2200000 4500
001 95719
005 20231031110245.0
035 |a (RuTPU)RU\TPU\book\102482 
090 |a 95719 
100 |a 20060503d1959 m y0rusy50 ca 
101 0 |a rus 
102 |a LV 
105 |a a z 001zy 
200 1 |a Электромагнитные насосы для жидких металлов  |f И. А. Тютин 
210 |a Рига  |c Изд-во АН Латв. ССР  |d 1959 
215 |a 116 с.  |c черт. 
320 |a Библиогр.: с. 113-114. 
610 1 |a насосы 
610 1 |a электромагнитные насосы 
610 1 |a жидкие металлы 
675 |a 621.384  |v 3 
700 1 |a Тютин  |b И. А.  |g Иван Андреевич 
801 1 |a RU  |b 63413507  |c 20060503  |g PSBO 
801 2 |a RU  |b 63413507  |c 20060507  |g PSBO 
942 |c BK